Teaching drama to young children /

Bibliographic Details
Main Author: Fox, Mem, 1946-
Format: Book
Language:English
Published: Portsmouth, N.H. : Heinemann, [1987]
Edition:1st U.S. ed.
Subjects:

MARC

Tag First Indicator Second Indicator Subfields
LEADER 00000cam a2200000 a 4500
001 in00000010218
005 20151006080021.0
008 860606s1987 nhua b 00010 eng
010 |a  86014858  
020 |a 0435082655 
035 |a (OCoLC)13796206 
035 |9 AAA2418AM 
040 |a DLC  |c DLC  |d m/c  |d TXA  |d UtOrBLW 
049 |a TXAM  |c [A11026951] 
050 0 0 |a PN3171  |b .F69 1987 
082 0 |a 372.6/6/07  |2 19 
100 1 |a Fox, Mem,  |d 1946- 
240 1 0 |a How to teach drama to infants without really crying! 
245 1 0 |a Teaching drama to young children /  |c Mem Fox ; illustrated by Bob Graeme. 
250 |a 1st U.S. ed. 
264 1 |a Portsmouth, N.H. :  |b Heinemann,  |c [1987] 
264 4 |c ©1987 
300 |a vii, 118 pages :  |b illustrations (some color) ;  |c 26 cm. 
336 |a text  |b txt  |2 rdacontent 
337 |a unmediated  |b n  |2 rdamedia 
338 |a volume  |b nc  |2 rdacarrier 
500 |a Previously published as: How to teach drama to infants (without really crying!). 1984. 
504 |a Includes bibliographical references. 
650 0 |a Drama in education. 
650 0 |a Drama  |x Study and teaching (Primary) 
999 |a MARS 
999 f f |s ceb519a6-27b9-3c31-9fb8-522609e0a412  |i c96df129-2015-36de-bdd3-efd2aade272c  |t 0 
952 f f |p ric  |a Texas A&M University  |b Rellis Campus  |c Joint Library Facility  |d Remote Storage  |t 0  |e PN3171 .F69 1987  |h Library of Congress classification  |i unmediated -- volume  |m A14811026951 
998 f f |a PN3171 .F69 1987  |t 0  |l Remote Storage